Quiebra del estado de derecho durante el régimen marxista de Salvador Allende y adhesión del Colegio de Abogados al Nuevo Gobierno de Chile. Antecedentes.
Salvato in:
| Natura: | Libro |
|---|---|
| Pubblicazione: |
Santiago, Chile:
Imprenta y Litografía Roma,
1973.
|
| Soggetti: | |
| Tags: |
Aggiungi Tag
Nessun Tag, puoi essere il primo ad aggiungerne!!
|
MARC
| LEADER | 00000nam a22000007a 4500 | ||
|---|---|---|---|
| 003 | CL-VaPUC | ||
| 005 | 20241008111511.0 | ||
| 008 | 220804t1973 ||||| |||| 00| 0 eng d | ||
| 999 | |c 437976 |d 437974 | ||
| 040 | |c Pontificia Universidad Católica de Valparaíso | ||
| 082 | 7 | |a 342.83 QUI 1973 |2 22 | |
| 245 | |a Quiebra del estado de derecho durante el régimen marxista de Salvador Allende y adhesión del Colegio de Abogados al Nuevo Gobierno de Chile. |b Antecedentes. | ||
| 260 | |a Santiago, Chile: |b Imprenta y Litografía Roma, |c 1973. | ||
| 300 | |a 60 páginas. | ||
| 500 | |a c.1: Donación Familia Prof. Alejandro Guzmán Brito. c.2: Donación. Biblioteca de Derecho. Memo DER N° 042. 03-10-2024 | ||
| 583 | |c 20220804 |k Catalogador Asistente | ||
| 600 | 0 | |a Allende Gossens, Salvador, |d 1908-1973 |9 257222 |x Pensamiento político |v Crítica e interpretación | |
| 650 | |a Estado de derecho |z Chile |9 874883 | ||
| 651 | |a Chile |x Política y gobierno |y 1970-1973 |9 872640 | ||
| 942 | |2 ddc |c BK |n 0 | ||
| 952 | |0 0 |1 0 |2 ddc |4 0 |6 342_830000000000000_QUI_1973 |7 0 |8 C_AGB |9 585835 |a BIBDER |b BIBDER |d 2022-08-04 |e Donación |i 5653831 |o 342.83 QUI 1973 |p 5653831 |r 2023-01-25 |t 1 |w 2022-08-04 |y BK_US |k AGB | ||
| 952 | |0 0 |1 0 |2 ddc |4 0 |6 342_830000000000000_QUI_1973 |7 0 |8 A |9 597259 |a BIBDER |b BIBDER |d 2024-10-08 |e Donación |i 5663006 |o 342.83 QUI 1973 |p 5663006 |r 2024-10-08 |t 2 |w 2024-10-08 |y MX |k DER | ||